000 00467nam a2200181Ia 4500
005 20250317131100.0
008 008 250317s9999 xx 000 0 eng d
037 _aTextbook
040 _aFMSL
_beng
_cFMSL
041 _aeng
_2eng
084 _qFMSL
100 _aClarkson S
_9285910
245 0 _aSoviet theory of development
260 _aMacmillan
_bMacmillan, Press
_c1978
300 _a322p
942 _cTB
999 _c1266597
_d1266597